Fida (Record no. 20807)

MARC details
000 -LEADER
fixed length control field 02820ngm a2200469 4500
003 - CONTROL NUMBER IDENTIFIER
control field dpl
005 - DATE AND TIME OF LATEST TRANSACTION
control field 20090109152911.0
007 - PHYSICAL DESCRIPTION FIXED FIELD--GENERAL INFORMATION
fixed length control field DVD
008 - FIXED-LENGTH DATA ELEMENTS--GENERAL INFORMATION
fixed length control field ||||||sp199 xxu|||||c ||| 00| 0 ng d
010 ## - LIBRARY OF CONGRESS CONTROL NUMBER
LC control number DVD-002008-2010 & DVD-004592-4594 & DVD-005626-5627
024 ## - OTHER STANDARD IDENTIFIER
Standard number or code SHE DVD 377
Terms of availability 99.00
035 ## - SYSTEM CONTROL NUMBER
System control number DVD-002008-2010
035 ## - SYSTEM CONTROL NUMBER
System control number DVD-004592-4594
035 ## - SYSTEM CONTROL NUMBER
System control number DVD-005626-5627
040 ## - CATALOGING SOURCE
Original cataloging agency DPL
Transcribing agency DPL
082 ## - DEWEY DECIMAL CLASSIFICATION NUMBER
Classification number DVD / FIDA
245 ## - TITLE STATEMENT
Title Fida
Statement of responsibility, etc Tips Film Presents
Medium [videorecording] DVD/
260 ## - PUBLICATION, DISTRIBUTION, ETC. (IMPRINT)
Name of publisher, distributor, etc Shemaroo Video Pvt. Ltd.
300 ## - PHYSICAL DESCRIPTION
Extent 1 videodisc DVD; (122 min.) :
Other physical details sd., col. ;
Dimensions 4 3/4 in.
Type of unit DVD
440 ## - SERIES STATEMENT/ADDED ENTRY--TITLE
Title Shemaroo Home Entertainment
500 ## - GENERAL NOTE
General note Digitally Re-Mastered From the Original Film
538 ## - SYSTEM DETAILS NOTE
System details note Dolby Digital 5.1 - Hindi Subtitles: English
650 ## - SUBJECT ADDED ENTRY--TOPICAL TERM
Topical term or geographic name as entry element Motion Picture
700 ## - ADDED ENTRY--PERSONAL NAME
Personal name Ghosh, Ken
700 ## - ADDED ENTRY--PERSONAL NAME
Personal name Turani, Ramesh S.
700 ## - ADDED ENTRY--PERSONAL NAME
Personal name Malik, Anu
700 ## - ADDED ENTRY--PERSONAL NAME
Personal name Kapoor, Karina
700 ## - ADDED ENTRY--PERSONAL NAME
Personal name Fardeen Khan
700 ## - ADDED ENTRY--PERSONAL NAME
Personal name Kapoor, Shahid
942 ## - ADDED ENTRY ELEMENTS (KOHA)
Koha item type CD-ROMs, DVDs, VHS
Source of classification or shelving scheme Dewey Decimal Classification
Classification part DVD
Call number suffix FIDA
Holdings
Withdrawn status Lost status Source of classification or shelving scheme Damaged status Not for loan Home library Current library Date acquired Source of acquisition Cost, normal purchase price Total Checkouts Full call number Barcode Date last seen Date checked out Copy number Cost, replacement price Price effective from Koha item type
    Dewey Decimal Classification     Central Library Central Library 09/01/2009 Purchase 99.00 9 DVD FIDA DVD-002008 16/02/2012 03/02/2012 1 99.00 09/01/2009 CD-ROMs, DVDs, VHS
    Dewey Decimal Classification     Janak Puri Janak Puri 13/11/2009 Pioneers/885/29-10-09/325/13-10-09 /06-11-09 99.00 2 DVD FIDA DVD-004592 14/12/2010 09/12/2010 1 99.00 13/11/2009 CD-ROMs, DVDs, VHS
    Dewey Decimal Classification     Karol Bagh Karol Bagh 11/02/2010 Pioneers/948/17-11-09/325/13-10-09 /30-11-09 99.00 7 DVD FIDA DVD-005626 27/12/2012 26/12/2012 1 99.00 11/02/2010 CD-ROMs, DVDs, VHS
    Dewey Decimal Classification     Narela Narela 11/02/2010 Pioneers/948/17-11-09/325/13-10-09 /30-11-09 99.00 5 DVD FIDA DVD-005627 15/02/2013 31/01/2013 1 99.00 11/02/2010 CD-ROMs, DVDs, VHS
    Dewey Decimal Classification     Patel Nagar Patel Nagar 09/01/2009 Purchase 99.00 14 DVD FIDA DVD-002010 04/09/2018 28/08/2018 1 99.00 09/01/2009 CD-ROMs, DVDs, VHS
    Dewey Decimal Classification     R.K.Puram-8 R.K.Puram-8 13/11/2009 Pioneers/885/29-10-09/325/13-10-09 /06-11-09 99.00   DVD FIDA DVD-004593 13/11/2009   1 99.00 13/11/2009 CD-ROMs, DVDs, VHS
    Dewey Decimal Classification     Sarojini Nagar Sarojini Nagar 09/01/2009 Purchase 99.00 8 DVD FIDA DVD-002009 23/05/2013 13/05/2013 1 99.00 09/01/2009 CD-ROMs, DVDs, VHS
    Dewey Decimal Classification     Vinoba Puri Vinoba Puri 13/11/2009 Pioneers/885/29-10-09/325/13-10-09 /06-11-09 99.00 2 DVD FIDA DVD-004594 04/09/2013 20/06/2013 1 99.00 13/11/2009 CD-ROMs, DVDs, VHS

© Delhi Public Library
Hit Counter
free hit counter